<?xml version="1.0" encoding="UTF-8"?>
<collection xmlns="http://www.loc.gov/MARC21/slim">
 <record>
  <leader>01490nam a2200217Ia 4500</leader>
  <controlfield tag="001">CTU_157167</controlfield>
  <controlfield tag="008">210402s9999    xx            000 0 und d</controlfield>
  <datafield tag="020" ind1=" " ind2=" ">
   <subfield code="c">19.77</subfield>
  </datafield>
  <datafield tag="082" ind1=" " ind2=" ">
   <subfield code="a">659.2</subfield>
  </datafield>
  <datafield tag="082" ind1=" " ind2=" ">
   <subfield code="b">W423</subfield>
  </datafield>
  <datafield tag="100" ind1=" " ind2=" ">
   <subfield code="a">Weiner, Mark</subfield>
  </datafield>
  <datafield tag="245" ind1=" " ind2="0">
   <subfield code="a">Unleashing the power of PR :</subfield>
  </datafield>
  <datafield tag="245" ind1=" " ind2="2">
   <subfield code="b">A contrarian’s guide to marketing and communication</subfield>
  </datafield>
  <datafield tag="245" ind1=" " ind2="0">
   <subfield code="c">Mark Weiner</subfield>
  </datafield>
  <datafield tag="260" ind1=" " ind2=" ">
   <subfield code="a">San Francisco</subfield>
  </datafield>
  <datafield tag="260" ind1=" " ind2=" ">
   <subfield code="b">Jossey-Bass</subfield>
  </datafield>
  <datafield tag="260" ind1=" " ind2=" ">
   <subfield code="c">2006</subfield>
  </datafield>
  <datafield tag="520" ind1=" " ind2=" ">
   <subfield code="a">Using dozens of case studies from well-known companies such as General Electric, FedEx, Procter &amp; Gamble, Merck, Boeing, and Intel, Delahaye president and public relations scientist Mark Weiner offers a research-based model for creating and implementing public relations programs that will generate desired results and improve an organization’s ROI. Written as a highly accessible hands-on guide, Unleashing the Power of PR explains how to use market research methods to plan and evaluate public relations programs scientifically. The author explores the benefit of learning to speak to senior executives in a way that will improve communications and ultimately help strengthen PR performance and results. In addition, the book debunks common myths—such as “PR is impossible to measure!”—that undercut the effectiveness of PR and obscure its real value.</subfield>
  </datafield>
  <datafield tag="650" ind1=" " ind2=" ">
   <subfield code="a">Public relations,Business communication,Communication in marketing</subfield>
  </datafield>
  <datafield tag="904" ind1=" " ind2=" ">
   <subfield code="i">Tuyến</subfield>
  </datafield>
  <datafield tag="980" ind1=" " ind2=" ">
   <subfield code="a">Trung tâm Học liệu Trường Đại học Cần Thơ</subfield>
  </datafield>
 </record>
</collection>
